000 00621cam a2200193 a 4500
001 000018734
005 20200929165841.0
008 840419s1957 sp ab 000 p spa d
040 _aDO-SdBNP
_cCarP
_dDLC
_dBNPHU
082 _aPR861.44
_bD568s
100 1 _aDiez de Andino, Juan,
_927753
245 1 0 _aSensaciones líricas :
_bversos /
_cJuan Diez de Andino.
260 _aBarcelona :
_bRumbos,
_c1957.
300 _a227, [228-230] p. :
_bil., mapa ;
_c22 cm.
650 4 _aPoesía puertorriqueña
_91015
650 4 _aLiteratura puertorriqueña
_ySIGLO XX
_95311
910 _aCatalogación derivada / LC
049 _aBNGR
999 _c18254
_d18254